000 02265nam a2200325Ia 4500
999 _c55034
_d55034
001 22109
003 GE_BSU
005 20191031102635.0
008 181216s2016||||ge |||||||||||||| ||geo||
020 _a9789941135125
041 _ageo
080 _a338.22(100)(075.8) დ-35
100 _aდენიელსი, ჯონ
_95087
245 _aსაერთაშორისო ბიზნესი : გარესამყარო და ოპერაციები /
_cჯონ დენიელსი ; ლი ჰ. რედებოგი ; დენიელ პ. სალივანი ; მთარგმ : ნინო ქიტიაშვილი ; ქეთევან ბერიძე ; ყდის დიზ : ნინო ებრალიძე.
250 _aმე-14 გამოცემა.
264 _aთბილისი :
_bთბილ. უნ-ტის გამ-ბა,
_c[2016]
300 _axlvi, 1094 გვ. : 28 სმ.
_b ილ. ;
_c 28 სმ.
500 _aშენიშვნები: გვ. 1064-1068. ტერმინთა ლექსიკონი: გვ. 1069-1092
520 _aწიგნი რეგისტრირებულია აშშ-ის კონგრესის პუბლიკაციათა კატალოგიზაციის მონაცემთა ბიბლიოთეკაში.
653 _aეკონომიკა
653 _aსაერთაშორისო ბიზნესი
653 _aსაერთაშორისო ბიზნესი გარესამყარო და ოპერაციები
700 _aრედებოგი, ლი ჰ.
_95132
700 _aსალივანი, დენიელ პ.
_95133
700 _aშენგელია, თეიმურაზ
_eმთავარი რედაქტორი
_9814
700 _aქიტიაშვილი, ნინო
_eმთარგმნელი
_95134
700 _aბერიძე, ქეთევან
_eმთარგმნელი
_92795
700 _aებრალიძე, ნინო
_eყდის დიზაინი
_95135
942 _cBK
_2udc